Loading...
| History - European | 0 | 6 | 0 | 0 | 60 | 31 | 47.00 | 1 | 3 | 30.42 | 34.34 |
| Fine Arts - Painting and Sculpture | 0 | 5 | 1 | 0 | 45 | 23 | 71.40 | 1 | 2 | 16.12 | 28.28 |
| Mythology | 0 | 4 | 0 | 0 | 40 | 63 | 71.50 | 0 | 1 | 11.44 | 15.15 |
| Science - Physics | 0 | 4 | 1 | 0 | 35 | 31 | 55.75 | 1 | 2 | 17.47 | 20.20 |
| Science - Chemistry | 0 | 4 | 1 | 0 | 35 | 50 | 68.25 | 0 | 1 | 11.51 | 21.21 |
| History - World | 0 | 3 | 0 | 0 | 30 | 43 | 60.00 | 0 | 0 | 11.95 | 13.13 |
| Science - Biology | 0 | 2 | 0 | 1 | 20 | 65 | 81.50 | 0 | 1 | 3.86 | 8.08 |
| Science - Other | 0 | 3 | 2 | 2 | 20 | 38 | 84.00 | 1 | 1 | 5.89 | 12.12 |
| Literature - British | 0 | 2 | 0 | 1 | 20 | 36 | 75.00 | 0 | 1 | 6.14 | 9.09 |
| Social Science | 0 | 2 | 1 | 0 | 15 | 41 | 43.50 | 0 | 1 | 14.34 | 16.67 |
| History - Other | 0 | 2 | 1 | 0 | 15 | 69 | 73.00 | 0 | 0 | 6.73 | 8.08 |
| Literature - European | 0 | 2 | 1 | 1 | 15 | 114 | 117.50 | 0 | 0 | 0.00 | 3.03 |
| Religion | 0 | 2 | 2 | 0 | 10 | 31 | 52.00 | 2 | 2 | 9.80 | 18.18 |
| Philosophy | 0 | 2 | 2 | 0 | 10 | 40 | 71.00 | 0 | 1 | 6.80 | 9.88 |
| Fine Arts - Classical Music | 0 | 1 | 1 | 0 | 5 | 114 | 114.00 | 0 | 0 | 0.99 | 5.05 |
| Current Events | 0 | 1 | 1 | 0 | 5 | 33 | 33.00 | 0 | 1 | 13.47 | 15.56 |
| Geography | 0 | 1 | 1 | 0 | 5 | 13 | 13.00 | 1 | 1 | 17.55 | 20.00 |
| Literature - American | 0 | 0 | 0 | 0 | 0 | 0.00 | 0 | 0 | 0.00 | 0.00 | |
| History - American | 0 | 0 | 1 | 0 | -5 | 0.00 | 0 | 0 | 0.00 | 0.00 | |
| Literature - World | 0 | 0 | 1 | 0 | -5 | 0.00 | 0 | 0 | 0.00 | 0.00 |